Culturas híbridas (Record no. 19016)

MARC details
000 -LEADER
campo de control de longitud fija 00967nam a2200301 i 4500
001 - NÚMERO DE CONTROL
campo de control 19016
003 - IDENTIFICADOR DE NÚMERO DE CONTROL
campo de control ES-MaACL
005 - FECHA Y HORA DE LA ÚLTIMA TRANSACCIÓN
campo de control 20250829050236.0
007 - CAMPO FIJO DE DESCRIPCIÓN FÍSICA--INFORMACIÓN GENERAL
campo de control de longitud fija t|
008 - DATOS DE LONGITUD FIJA--INFORMACIÓN GENERAL
campo de control de longitud fija 020513s2001 ag ||||1| spa d
020 ## - NÚMERO INTERNACIONAL ESTÁNDAR DEL LIBRO
Número Internacional Estándar del Libro 950-12-5487-9
040 ## - FUENTE DE CATALOGACIÓN
Centro catalogador/agencia de origen BP-CO
080 ## - NÚMERO DE LA CLASIFICACIÓN DECIMAL UNIVERSAL
Número de la Clasificación Decimal Universal 008"19"
080 ## - NÚMERO DE LA CLASIFICACIÓN DECIMAL UNIVERSAL
Número de la Clasificación Decimal Universal 130.2(8=134)"19"
080 ## - NÚMERO DE LA CLASIFICACIÓN DECIMAL UNIVERSAL
Número de la Clasificación Decimal Universal 008(8=134)"19"
100 1# - ENTRADA PRINCIPAL--NOMBRE DE PERSONA
Nombre de persona García Canclini, Néstor.
9 (RLIN) 54330
245 10 - MENCIÓN DEL TÍTULO
Título Culturas híbridas
Resto del título : estrategias para entrar y salir de la modernidad /
Mención de responsabilidad, etc. Néstor García Canclini.
250 ## - MENCION DE EDICION
Mención de edición Nueva edición.
260 ## - PUBLICACIÓN, DISTRIBUCIÓN, ETC.
Lugar de publicación, distribución, etc. Buenos Aires [etc.] :
Nombre del editor, distribuidor, etc. Paidós,
Fecha de publicación, distribución, etc. 2001.
300 ## - DESCRIPCIÓN FÍSICA
Extensión 349 p. ;
Dimensiones 24 cm.
490 1# - MENCIÓN DE SERIE
Mención de serie Paidós estado y sociedad ;
Designación de volumen o secuencia 87
650 14 - PUNTO DE ACCESO ADICIONAL DE MATERIA--TÉRMINO DE MATERIA
Término de materia o nombre geográfico como elemento de entrada Civilización-
Subdivisión cronológica S.XX.
9 (RLIN) 11085
650 14 - PUNTO DE ACCESO ADICIONAL DE MATERIA--TÉRMINO DE MATERIA
Término de materia o nombre geográfico como elemento de entrada Postmodernismo-
Subdivisión geográfica América Latina
9 (RLIN) 16330
651 ## - PUNTO DE ACCESO ADICIONAL DE MATERIA--NOMBRE GEOGRÁFICO
Nombre geográfico América Latina-
Subdivisión general Civilización-
Subdivisión cronológica S.XX.
9 (RLIN) 7744
830 0# - PUNTO DE ACCESO ADICIONAL DE SERIE-TÍTULO UNIFORME
Título uniforme Paidós estado y sociedad ;
Designación de volumen o secuencia 87
9 (RLIN) 178635
852 ## - LOCALIZACIÓN
Ubicación ES-MaACL
Número de control de estantería L-25474
Sublocalización o colección R.131343
Holdings
Estatus retirado Estado de pérdida Estado de daño No para préstamo Biblioteca de origen Biblioteca actual Ubicación en estantería Fecha de adquisición Fuente de adquisición Total de préstamos Signatura topográfica completa Código de barras Visto por última vez Precio de reemplazo Tipo de ítem Koha
        Biblioteca del Ateneo de Madrid Biblioteca del Ateneo de Madrid Depósito 2 17/01/2008     L-25474 1019455 23/02/2023 23/02/2023 Libro impreso